| 000 | 00898nab a2200265 u 4500 | ||
|---|---|---|---|
| 001 | 10447 | ||
| 003 | HDC | ||
| 007 | cr bn ---aaaaa | ||
| 008 | 210204c20130516my dr|nes 0 a eng d | ||
| 040 | _aHDC | ||
| 100 |
_aBilqis Bahari, _eauthor _98061 |
||
| 245 | 0 |
_aMalaysian-French trade expected to rise in 2013 / _cby Bilqis Bahari |
|
| 260 |
_aKuala Lumpur : _bNew Straits Times Press, _c2013 |
||
| 336 |
_atext _2rdacontent |
||
| 337 |
_acomputer _2rdamedia |
||
| 338 |
_aonline resource _2rdacarrier |
||
| 650 |
_aBilateral trade _910261 |
||
| 650 |
_aInternational relation _99192 |
||
| 650 |
_aOperating profit _910316 |
||
| 710 | _aNew Straits Times | ||
| 856 | _zRequest full-text at [email protected] | ||
| 942 | _2lcc | ||
| 942 | _cNEWS | ||
| 942 | _kNWSC 003855 | ||
| 999 |
_c7770 _d7770 |
||